000 00738nam a22001937a 4500
999 _c192411
_d192411
005 20220921125038.0
010 _aUR-11731
020 _a9789391238193
_c300.00
035 _aU-10286
037 _bDBAD/PUB
_a-
082 _a921
100 _aشبیر الزماں
245 _aچشتی صابری خانوادوں کی علمی و ادبی خدمات :
_b(مگدھ میں) /
_cشبیر الزماں
_hا ر د و
246 _aChishti Sabri Khanvadon ki Ilmi Wa Adbi Khidmat (Magadh Men) /
_bby Shabbir Uzzaman
260 _aNew Delhi
_bEducational Publishing House
_c2021 ء
270 _aH.o. D1/16, Ansari Road, Darya Ganj
_bNew Delhi
_e110002
300 _a311 ص
_c22cm(pbk)
942 _2ddc
_cUR
_h921
_mش ب ی